Arquitectura: forma, espacio y orden (Registro nro. 22112)

Detalles MARC
000 -Cabecera
Campo de control interno 00483nam a22002057a 4500
005 - Fecha y hora del registro
control field 20260323113605.0
008 - Elementos de Longitud Fija
fixed length control field 260323b |||||||| |||| 00| 0 spa d
041 ## - Idioma
Codigo Idioma ESP
082 ## - DEWEY y NOTACIÓN INTERNA
Dewey 720
Notación Interna CH554
100 ## - AUTOR
Autor denominación Ching, Francis D. K.
245 ## - TÍTULO DE MATERIAL BIBLIOGRÁFICO
Título Arquitectura: forma, espacio y orden
260 ## - CIUDAD, EDITORIAL, AÑO
Ciudad :
Nombre de la Editorial ,
Año 2013
300 ## - DESCRIPCIÓN
N° Páginas xiii, 430 páginas :
Otros detalles ;
Dimensiones 30 cm.
440 ## - MENCIÓN DE SERIE
Título de la Serie ;
650 ## - TEMAS
Temas Artes Decorativas
654 ## - PROGRAMAS
Programa Dpto. Arquitectura y Urbanismo
700 ## - OTROS AUTORES
Otros autores ;
942 ## - ELEMENTOS DE KOHA
Tipo de documento Libro
Nombre del creador Justo Noguera
Código de catalogador Justo Noguera
Esquema de clasificación Dewey Decimal Classification
Existencias
Codigo completo Registro Colección Copia número Disponibilidad Tipo de préstamo Biblioteca Actual Procedencia (Biblioteca) Ubicacón Fecha Ingreso Tipo de Adquisición Date last seen Total checkouts Total renewals Date last checked out Price effective from Tipo de Item Estado del Material Fuente de Clasificación Damaged status Withdrawn status
720 CH554 1050312 Universidad Católica San Pablo 1 Disponible Disponible Víctor Andrés Belaunde Víctor Andrés Belaunde Segundo piso 23/03/2026 Compra 14/04/2026 5 1 10/04/2026 23/03/2026 Libro Bueno Dewey Decimal Classification